Kadrovoje obespečenije investicijonnogo razvitija i povyšenija konkurentosposobnosti municipaľnych obrazovanij (otečestvennyje i zarubežnyje praktiki) sbornik materijalov učastnikov kruglogo stola s meždunarodnym učastijem, 27-28 oktjabrja 2017, (Rostov-na-Donu, Rossija)

Enregistré dans:
Détails bibliographiques
Collectivités auteurs: Kadrovoje obespečenije investicijonnogo razvitija i povyšenija konkurentosposobnosti municipaľnych obrazovanij. Kruglyj stol s meždunarodnym učastijem, Rossijskaja akademija narodnogo chozjajstva i gosudarstvennoj služby pri Prezidente Rossijskoj Federaciji
Autres auteurs: Jeremenko, N.N
Format: Livre
Langue:russe
Publié: Rostov-na-Donu Izdateľstvo JURIJU RANCHiGS 2017
Édition:1. izdanije
Sujets:
Tags: Ajouter un tag
Pas de tags, Soyez le premier à ajouter un tag!

MARC

LEADER 00000nam a2200000 4500
001 0251992
005 20240221111351.5
020 |a 978-5-89546-936-1 
041 0 |a rus 
044 |a RU 
245 1 0 |a Kadrovoje obespečenije investicijonnogo razvitija i povyšenija konkurentosposobnosti municipaľnych obrazovanij (otečestvennyje i zarubežnyje praktiki)  |b sbornik materijalov učastnikov kruglogo stola s meždunarodnym učastijem, 27-28 oktjabrja 2017, (Rostov-na-Donu, Rossija)  |c redakcija: N.N. Jeremenko 
250 |a 1. izdanije 
264 1 |a Rostov-na-Donu  |b Izdateľstvo JURIJU RANCHiGS  |c 2017 
300 |a 383 s. 
610 2 0 |a rozvoj investičný 
610 2 0 |a konkurencieschopnosť 
610 2 0 |a obce 
610 2 0 |a rozvoj regionálny 
610 2 0 |a pracovníci riadiaci 
610 2 0 |a Rusko 
700 1 |a Jeremenko, N.N. 
110 2 |a Kadrovoje obespečenije investicijonnogo razvitija i povyšenija konkurentosposobnosti municipaľnych obrazovanij. Kruglyj stol s meždunarodnym učastijem 
710 2 |a Rossijskaja akademija narodnogo chozjajstva i gosudarstvennoj služby pri Prezidente Rossijskoj Federaciji